000 00342nam a2200121Ia 4500
008 210430s9999 xx 000 0 und d
082 _a620.5 G246 N
100 _aLawrence Gasman
_953958
245 _aNanotechnology Applications and Markets
_cLawrence Gasman
260 _aBoston
_bArtech House
_c2006
300 _a210p.
942 _cBK
_2ddc
999 _c564345
_d564345